Central Library OPAC University of Rajshahi

EPIDEMIOLOGY AND CONTROL OF MANGE ON GOAT IN RAJSHAHI DISTRICT / (Record no. 82111)

MARC details
000 -LEADER
fixed length control field 01000nam a2200253 a 4500
001 - CONTROL NUMBER
RUCL Control Number 82111
003 - CONTROL NUMBER IDENTIFIER
rucl marc code BD-RjUL
005 - DATE AND TIME OF LATEST TRANSACTION
control field 20240108113923.0
008 - FIXED-LENGTH DATA ELEMENTS--GENERAL INFORMATION
fixed length control field 231015s2014 bg a|||| m||| 00| 0 eng d
035 ## - SYSTEM CONTROL NUMBER
system control number (BD-RjUL)82111
040 ## - CATALOGING SOURCE
Original cataloging agency BD-RjUL
Language of cataloging eng
Transcribing agency BD-RjUL
Modifying agency BD-RjUL
041 ## - LANGUAGE CODE
Language code of Book eng
082 ## - DEWEY DECIMAL CLASSIFICATION NUMBER
DDC Edition number 23
Classification number 636.089
Author mark and Year RAE 2014
100 ## - MAIN ENTRY--PERSONAL NAME
Personal name RAHMAN, SHAZIEA
9 (RLIN) 9542
245 ## - TITLE STATEMENT
Title EPIDEMIOLOGY AND CONTROL OF MANGE ON GOAT IN RAJSHAHI DISTRICT /
Statement of responsibility, etc SHAZIEA RAHMAN ;
Name of Supervisor/Co-Supervisor Supervisor : Bidhan Chandra Das, Co-Supervisor : Richard Wall.
260 ## - PUBLICATION, DISTRIBUTION, ETC. (IMPRINT)
Place of publication, distribution, etc Rajshahi :
Name of publisher, distributor, etc Department of Zoology, University of Rajshahi,
Date of publication, distribution, etc 2014.
300 ## - PHYSICAL DESCRIPTION
Pagination [4], xx, 202 leaves :
Other physical details ill.;
Dimensions 29 cm.
502 ## - DISSERTATION NOTE
Dissertation note Thesis(Ph.D.)-- Department of Zoology,University of Rajshahi,2014
504 ## - BIBLIOGRAPHY, ETC. NOTE
Bibliography, etc References : Leaves 176-202
650 ## - SUBJECT ADDED ENTRY--TOPICAL TERM
Topical term or geographic name as entry element Veterinary Medicine
General subdivision Epidemiology
Form subdivision Mange
Geographic subdivision Bangladesh
-- Rajshahi District
9 (RLIN) 9543
700 ## - ADDED ENTRY--SUPERVISOR/CO-SUPERVISOR NAME
Personal name Das, Bidhan Chandra, Supervisor
9 (RLIN) 6370
Personal name Wall, Richard, Co-Supervisor
9 (RLIN) 9544
942 ## - ADDED ENTRY ELEMENTS (KOHA)
Source of classification or shelving scheme Dewey Decimal Classification
Koha item type Theses
Holdings
Source of classification or shelving scheme Damaged status Not for loan Collection code Permanent Location Current Location Shelving location Date of accession Source of acquisition Total Checkouts Full call number Barcode Date last seen Copy number Thesis
Dewey Decimal Classification   Not For Loan Theses Central Library, University of Rajshahi Central Library, University of Rajshahi Documentation Section 13/06/2015 Controller of Exam. R.U.   THE 636.089 RAE 2014 D3789 15/10/2023 C-1 Theses